[Event "Bundesliga 8889"]
[Site "Germany"]
[Date "1989.??.??"]
[Round "?"]
[White "Loeffler, Stefan"]
[Black "Hermann, Manfred"]
[Result "1-0"]
[WhiteElo "2325"]
[BlackElo "2350"]

1.Nf3 d5 2.g3 Nf6 3.Bg2 c6 4.d3 Bf5 5.Nh4 Bg4 6.h3 Bc8 7.O-O e5 8.e4 dxe4
9.dxe4 Qxd1 10.Rxd1 Na6 11.Bg5 Be7 12.Nd2 Be6 13.Nf5 Bxf5 14.exf5 h6 15.Bxf6 Bxf6
16.Nc4 O-O 17.Rd2 Rfd8 18.Rad1 Rxd2 19.Rxd2 Rd8 20.Rxd8+ Bxd8 21.Nd6 Nb4
22.Nxb7 Bb6 23.Be4 Nxa2 24.Bxc6 Kf8 25.Nd6 Nb4 26.Be4 Na6 27.Kf1 Nc5 28.Bd5 Ke7
29.Nxf7 Bc7 30.b3 Ne4 31.Nxh6 Nxg3+ 32.fxg3 gxh6 33.Ke2 Kf6 34.Be4 Bb6 35.b4 a5
36.bxa5 Bxa5 37.Kd3 Ke7 38.Bd5 Be1 39.g4 Bh4 40.Kc4 Kd6 41.Bg8 Bf6 42.Bd5 Bh4
43.Be4 Bf2 44.Kb5 Be1 45.c4 Bf2 46.f6 Ke6 47.c5 Kxf6 48.c6 Ba7 49.c7  1-0

[Event "BL2-N8889"]
[Site "Germany"]
[Date "1989.??.??"]
[Round "?"]
[White "Meyer, Claus Dieter"]
[Black "Dankert, Peter"]
[Result "1/2-1/2"]
[WhiteElo "2335"]
[BlackElo "2255"]

1.Nf3 d5 2.g3 Bg4 3.Bg2 Nd7 4.O-O Ngf6 5.d3 e6 6.b3 Be7 7.Bb2 O-O 8.Nbd2 c6
9.h3 Bh5 10.Qe1 a5 11.a4 Nc5 12.g4 Bg6 13.Ne5 Nfd7 14.Ndf3 Nxe5 15.Nxe5 Nd7
16.Nxg6 fxg6 17.e4 g5 18.exd5 exd5 19.Qe6+ Rf7 20.Qe3 Bf6 21.Bxf6 Qxf6 22.Rae1 Nf8
23.c4 d4 24.Qe5 Ng6 25.Qxf6 Rxf6 26.Re4 Nf4 27.Kh2 Nxd3 28.Rxd4 Nc5 29.Re1 Nxb3
30.Rd7 Nc5 31.Rde7 Rf7 32.Re8+ Rf8 33.R8e7 Rxf2 34.R1e5 Nd3 35.Rxg5 g6 36.Kg3 Rb2
37.Rxb7 Rxb7 38.Bxc6 Rab8 39.Bxb7 Rxb7 40.Rxa5 Rc7 41.Rd5 Nb2 42.a5 Nxc4
43.a6 Ra7 44.Rc5 Nd6 45.Rc6 Ne8 46.Rb6 Nc7 47.Rb7 Rxb7 48.axb7 Na6 49.Kf4 Kf7
50.Ke5 Ke7 51.h4 Nb8 52.h5 Nc6+ 53.Kd5 Kd7 54.hxg6 hxg6 55.g5  1/2-1/2

[Event "BL2-SW8889"]
[Site "Germany"]
[Date "1989.??.??"]
[Round "?"]
[White "Degenhardt, Horst"]
[Black "Schmitzer, Klaus"]
[Result "1/2-1/2"]
[WhiteElo "2310"]
[BlackElo "2325"]

1.Nf3 d5 2.g3 c6 3.Bg2 Bg4 4.h3 Bxf3 5.Bxf3 e5 6.d3 Nf6 7.Nd2 Nbd7 8.e4 dxe4
9.dxe4 Qc7 10.Qe2 O-O-O 11.Nc4 Nc5 12.Be3 Kb8 13.Bxc5 Bxc5 14.c3 Nd7 15.b4 Be7
16.a4 Nb6 17.Nxb6 Qxb6 18.O-O Bg5 19.Rfd1 Rxd1+ 20.Rxd1 Rd8 21.h4 Bf6 22.Qc4 Qc7
23.a5 h6 24.Kg2 Rd7 25.Bg4 Rd8 26.Bh5 Rxd1 27.Bxd1 b5 28.axb6 axb6 29.Bb3 b5
30.Qxf7 Qxf7 31.Bxf7 Kc7 32.Kf3 Kd7 33.Kg4 Bd8 34.Kf5 Ke7 35.Bg8 Bb6 36.f4 Bf2
37.Kxe5 Bxg3 38.h5 Bf2 39.Bb3 Be3 40.c4 Bd2 41.cxb5 cxb5  1/2-1/2

[Event "Gleisdorf"]
[Site "Gleisdorf"]
[Date "1989.??.??"]
[Round "2"]
[White "Gazik, Igor"]
[Black "Karsa, Laszlo"]
[Result "1/2-1/2"]
[WhiteElo "2390"]
[BlackElo "2395"]

1.Nf3 d5 2.g3 Bg4 3.Bg2 Nd7 4.c4 dxc4 5.Na3 g6 6.Nxc4 Bg7 7.d4 c6 8.O-O Ngf6
9.Nce5 Nxe5 10.Nxe5 Be6 11.e4 Nd7 12.Nf3 Nb6 13.b3 Bg4 14.Be3 Qd7 15.Qd2 Bxf3
16.Bxf3 O-O 17.Rad1 e6 18.Rfe1 f5 19.Bh6 Rad8 20.Bxg7 Qxg7 21.exf5 exf5 22.Qf4 Rfe8
23.Re5 Rxe5 24.dxe5 Rxd1+ 25.Bxd1 Qd7 26.Be2 Kg7 27.Qe3 Nc8 28.Qd3 Qe7 29.Qc3 Nb6
30.Qa5 Kh6 31.Qd2+ Kg7 32.Qa5 Kh6 33.Qxa7 Qxe5 34.Bf3 Qc7 35.Qa5 Kg7 36.Kg2 Nd5
37.Qc5 Qe7 38.Qd4+ Nf6 39.b4 Kf7 40.a4 Qd7 41.Qxd7+ Nxd7 42.a5 Ke6 43.Kf1 Ke5
44.b5 Kd6 45.bxc6 bxc6 46.Ke2 Ne5 47.Bg2 Kc7 48.f4 Nc4 49.a6 Kb6 50.a7 Kxa7
51.Bxc6 Nd6 52.Bd5 Kb6 53.Bg8 h6 54.h4 Nc8 55.Ke3 Kc5 56.Bf7 Kd6 57.Bxg6 Ke6
58.Bh5 Nd6 59.Bf3 Nb5 60.Kd3 Nd6 61.Kd4 Ne8 62.Bd5+ Kf6 63.Bf3 Ke6 64.Kc5 Nf6
65.Kc4 Kd6 66.Kd4 Ke6 67.Be2 Kd6 68.Bd3 Nh5 69.Bxf5 Nxg3 70.Bd3 Ke6 71.Ke3 Nh5
72.Kf3  1/2-1/2

[Event "Gothenburg"]
[Site "Gothenburg"]
[Date "1989.??.??"]
[Round "3"]
[White "Kristiansen, Jens"]
[Black "Zolnierowicz, Krzysztof"]
[Result "1-0"]
[WhiteElo "2405"]
[BlackElo "2405"]

1.Nf3 d5 2.g3 c5 3.Bg2 Nc6 4.O-O Nf6 5.d3 g6 6.Nbd2 Bg7 7.e4 O-O 8.Re1 e5
9.c3 Re8 10.Qb3 d4 11.Nc4 dxc3 12.bxc3 Rb8 13.d4 exd4 14.cxd4 Rxe4 15.Rxe4 Nxe4
16.Bf4 Nxd4 17.Nxd4 Qxd4 18.Rd1 Qxf2+ 19.Kh1 Qe2 20.Rd8+ Bf8 21.Qe3 Qxa2
22.Bxe4  1-0

[Event "Groningen op"]
[Site "Groningen"]
[Date "1989.??.??"]
[Round "1"]
[White "Vogel, Jaap"]
[Black "Velikov, Petar"]
[Result "0-1"]
[WhiteElo "2280"]
[BlackElo "2465"]

1.Nf3 d5 2.g3 Nf6 3.Bg2 Bf5 4.b3 e6 5.Bb2 Be7 6.c4 c6 7.O-O O-O 8.d3 h6 9.Nc3 Bh7
10.a3 a5 11.Rc1 Nbd7 12.h3 Re8 13.Re1 Qb6 14.Na4 Qa7 15.cxd5 exd5 16.Nd4 Bd6
17.e3 Ne5 18.Bf1 Rad8 19.Nf3 Ned7 20.Nd4 Bg6 21.f4 Nc5 22.Nxc5 Bxc5 23.Qc2 Nd7
24.Qc3 Bf8 25.b4 axb4 26.axb4 Qb6 27.Nc2 Nb8 28.Qd4 Qc7 29.Bc3 Na6 30.Ra1 f6
31.Kh2 h5 32.h4 Rd6 33.Qa7 Rd7 34.Reb1 c5 35.b5 Nb8 36.Ba5 Qd6 37.Qb6 Qe7
38.Bd2 Qf7 39.Qa5 Bf5 40.Re1 Bd6 41.Qc3 g5 42.e4 d4 43.Qb2 Bg4 44.Bg2 gxh4
45.gxh4 Qg6 46.Rg1 Rg7 47.Nxd4 cxd4 48.Qxd4 Rd8 49.Qe3 Nd7 50.Kh1 Nf8 51.d4 Bc7
52.Ba5 Bxa5 53.Rxa5 Qf7 54.d5 Qe7 55.Ra7 f5 56.e5 Qxh4+ 57.Bh3 Rxd5 58.Kh2 Rd2+  0-1

[Event "Groningen op"]
[Site "Groningen"]
[Date "1989.??.??"]
[Round "5"]
[White "Vogel, Jaap"]
[Black "De Boer, Gert Jan"]
[Result "1/2-1/2"]
[WhiteElo "2280"]
[BlackElo "2385"]

1.Nf3 d5 2.g3 c6 3.b3 Bg4 4.Bg2 Nd7 5.Bb2 e6 6.c4 Ngf6 7.O-O Bd6 8.d4 Qc7
9.Nc3 Rd8 10.Rc1 Qb8 11.Ne1 O-O 12.Nd3 Rfe8 13.c5 Bc7 14.f4 Bf5 15.Nf2  1/2-1/2

[Event "Groningen op"]
[Site "Groningen"]
[Date "1989.??.??"]
[Round "7"]
[White "Kirov, Nino"]
[Black "Hoeksema, Hendrik Pieter"]
[Result "1-0"]
[WhiteElo "2470"]
[BlackElo "2380"]

1.g3 d5 2.Nf3 g6 3.Bg2 Bg7 4.d4 c5 5.dxc5 Qa5+ 6.Nfd2 Nf6 7.Nc3 Qxc5 8.Nb3 Qc7
9.Nxd5 Nxd5 10.Qxd5 Qxc2 11.Nd4 Qa4 12.Qb5+ Qxb5 13.Nxb5 Na6 14.O-O Bd7 15.Bxb7 Rb8
16.Bxa6 Bxb5 17.Bxb5+ Rxb5 18.Rb1 O-O 19.b3 Rc8 20.Be3  1-0

[Event "EU-chT"]
[Site "Haifa"]
[Date "1989.??.??"]
[Round "1"]
[White "Hug, Werner"]
[Black "Oney, Feridun"]
[Result "1/2-1/2"]
[WhiteElo "2445"]
[BlackElo "2285"]

1.Nf3 d5 2.g3 c6 3.Bg2 Nf6 4.c4 e6 5.Qc2 Nbd7 6.d4 Bd6 7.O-O O-O 8.Nbd2 e5
9.cxd5 cxd5 10.dxe5 Nxe5 11.Nxe5 Bxe5 12.Nf3 Qc7 13.Qb3 Be6 14.Bd2 Ne4 15.Rac1 Qb8
16.Rfd1 b6 17.Bb4 Re8 18.Nd4 Bxd4 19.Rxd4 Qb7 20.Qd1 Rac8 21.Rxc8 Qxc8 22.a3 Qa8
23.f3 Nc5 24.Bc3 Qc8 25.Rd2 f6 26.Bd4 Nd7 27.Rc2 Qa6 28.Bf1 Rc8 29.Rc3 Rxc3
30.Bxc3 Qb7 31.Qd4 Qc6 32.Qe3 Kf7 33.g4 Qd6 34.Bd4 Ne5 35.g5 Nc6 36.gxf6 gxf6
37.Bc3 d4 38.Qd3 Kg7 39.Be1 Ne5 40.Qe4 d3 41.f4  1/2-1/2

[Event "EU-chT"]
[Site "Haifa"]
[Date "1989.??.??"]
[Round "2"]
[White "Oney, Feridun"]
[Black "Muir, Andrew J"]
[Result "1-0"]
[WhiteElo "2285"]
[BlackElo "2210"]

1.Nf3 d5 2.g3 e6 3.Bg2 Nf6 4.d3 c5 5.Nbd2 Nc6 6.O-O Be7 7.e4 O-O 8.e5 Nd7
9.Re1 b5 10.c3 a5 11.Nf1 Ba6 12.h4 b4 13.Bf4 a4 14.Qxa4 Bxd3 15.Qxc6 Ra6
16.Qb7 Rb6 17.Qa7 Ra6 18.Qb7  1-0

[Event "EU-chT"]
[Site "Haifa"]
[Date "1989.??.??"]
[Round "5"]
[White "D'Amore, Carlo"]
[Black "Winants, Luc"]
[Result "1/2-1/2"]
[WhiteElo "2410"]
[BlackElo "2425"]

1.Nf3 d5 2.g3 c6 3.Bg2 Bg4 4.d3 Nd7 5.h3 Bh5 6.Nbd2 e6 7.e4 Bd6 8.O-O Ne7
9.exd5 cxd5 10.c4 O-O 11.d4 Nc6 12.cxd5 exd5 13.Nb1 Re8 14.Nc3 Nb6 15.a4 Bb4
16.Ne2 Bg6 17.Ne5 Nxe5 18.dxe5 Rc8 19.a5 Nc4 20.Nf4 Be4 21.a6 Bxg2 22.Kxg2 bxa6
23.Nxd5 Bd2 24.Nf4 Qd7 25.b3 Qb7+ 26.Qf3 Qxf3+ 27.Kxf3 Nxe5+ 28.Kg2 Bxc1  1/2-1/2

[Event "Balkaniad"]
[Site "Hania"]
[Date "1989.??.??"]
[Round "?"]
[White "Aladjova, Katrin"]
[Black "Bojkovic, Natasa"]
[Result "1/2-1/2"]
[WhiteElo "2075"]
[BlackElo "2260"]

1.Nf3 d5 2.g3 Nf6 3.Bg2 e6 4.O-O Be7 5.d4 O-O 6.c4 dxc4 7.Ne5 Nc6 8.Nxc6 bxc6
9.Na3 Bxa3 10.bxa3 Rb8 11.Qa4 Qxd4 12.Be3 Qg4 13.Bf3 Qh3 14.Qxc4 e5 15.Bxa7 Rb5
16.Bg2 Qh5 17.Qxc6 Rb2 18.Qc3 Rxe2 19.Rfe1 Re8  1/2-1/2

[Event "Haninge"]
[Site "Haninge"]
[Date "1989.??.??"]
[Round "?"]
[White "Wilder, Michael"]
[Black "Van der Wiel, John TH"]
[Result "1/2-1/2"]
[WhiteElo "2540"]
[BlackElo "2560"]

1.Nf3 d5 2.g3 c6 3.Bg2 Bg4 4.O-O Nd7 5.d3 e6 6.Nbd2 Bd6 7.e4 Ne7 8.h3 Bh5
9.b3 O-O 10.Bb2 Rc8 11.Qe1  1/2-1/2

[Event "Helsinki"]
[Site "Helsinki"]
[Date "1989.??.??"]
[Round "1"]
[White "Berkell, Peder"]
[Black "Nei, Iivo"]
[Result "1/2-1/2"]
[WhiteElo "2300"]
[BlackElo "2440"]

1.Nf3 d5 2.g3 g6 3.Bg2 Bg7 4.O-O e5 5.d3 Ne7 6.Nbd2 O-O 7.e4 d4 8.Nh4 Be6
9.f4 f6 10.Ndf3 Nd7 11.Qe2 c5 12.fxe5 Nxe5 13.Nxe5 fxe5 14.Rxf8+ Qxf8 15.Bg5 Nc6
16.Rf1  1/2-1/2

[Event "Helsinki2"]
[Site "Helsinki"]
[Date "1989.??.??"]
[Round "8"]
[White "Oll, Lembit"]
[Black "Votruba, Pavel"]
[Result "1-0"]
[WhiteElo "2510"]
[BlackElo "2355"]

1.Nf3 d5 2.g3 c6 3.Bg2 Nf6 4.O-O Bf5 5.d3 e6 6.c4 Bc5 7.Qc2 Nbd7 8.Nbd2 h6
9.Nb3 Be7 10.Bf4 O-O 11.Rae1 c5 12.Ne5 g5 13.Nxd7 Qxd7 14.Bd2 d4 15.Na5 b6
16.Nc6 Bd6 17.e4 dxe3 18.fxe3 Ng4 19.b4 Rac8 20.b5 Ne5 21.Bc3 Bxd3 22.Rd1 Bxf1
23.Nxe5 Qc7 24.Ng4  1-0

[Event "Helsinki"]
[Site "Helsinki"]
[Date "1989.??.??"]
[Round "8"]
[White "Valkesalmi, Kimmo"]
[Black "Nei, Iivo"]
[Result "1/2-1/2"]
[WhiteElo "2410"]
[BlackElo "2440"]

1.Nf3 d5 2.g3 g6 3.Bg2 Bg7 4.O-O e6 5.d3 Ne7 6.Nbd2 c5 7.e4 b6 8.Re1 Bb7
9.h4 h6 10.exd5 Bxd5 11.Nf1 Nd7 12.Ne3 Bc6 13.Nc4 O-O 14.Bf4 b5 15.Nce5 Nxe5
16.Nxe5 Bxg2 17.Kxg2 Qd5+ 18.Qf3 Qxf3+ 19.Nxf3 Rfd8 20.Be5 Nc6  1/2-1/2

[Event "HUN-ch"]
[Site "?"]
[Date "1989.??.??"]
[Round "?"]
[White "Orso, Miklos"]
[Black "Varga, Zoltan"]
[Result "1-0"]
[WhiteElo "2345"]
[BlackElo "2425"]

1.Nf3 d5 2.g3 c5 3.Bg2 Nc6 4.O-O g6 5.d4 Nf6 6.dxc5 Bg7 7.Nd4 O-O 8.Nb3 a5
9.a4 h6 10.Nc3 Nb4 11.Nb5 Bf5 12.N5d4 Bd7 13.c3 Na6 14.Nb5 Qc8 15.Be3 Bh3
16.Bd4 Rd8 17.Nxa5 Bxg2 18.Kxg2 e5 19.Bxe5 Nxc5 20.b4 Nfe4 21.Bxg7 Kxg7 22.f3 Ng5
23.Qd4+ Kg8 24.Qxc5 Qxc5 25.bxc5 Rxa5 26.Nd6 Rd7 27.Rfb1 Rxc5 28.Nxb7 Rcc7
29.Na5 Rxc3 30.Rb7 Rd6 31.Nb3 Rc2 32.Kf1 Rb2 33.a5 Re6 34.Nc5 Rexe2 35.Rxb2 Rxb2
36.a6 Rxh2 37.Ra3  1-0

[Event "JUG-ch"]
[Site "?"]
[Date "1989.??.??"]
[Round "?"]
[White "Paunovic, Dragan"]
[Black "Kovacevic, Vlatko"]
[Result "0-1"]
[WhiteElo "2460"]
[BlackElo "2545"]

1.Nf3 d5 2.g3 c6 3.Bg2 Bg4 4.O-O e6 5.d3 Bd6 6.Nbd2 Ne7 7.c4 O-O 8.b3 a5
9.a3 Nd7 10.Bb2 b5 11.Qc2 Qb6 12.e4 dxc4 13.dxc4 b4 14.a4 Rfd8 15.Rad1 Bc5
16.h3 Bh5 17.e5 Qc7 18.Qe4 Ba7 19.Qh4 Bxf3 20.Nxf3 Nc5 21.Nd4 Rac8 22.Qh5 Rd7
23.Ba1 Rcd8 24.Qf3 Nxa4 25.Nxe6 fxe6 26.bxa4 Bd4 27.Rfe1 c5 28.Bxd4 Rxd4
29.Rxd4 Rxd4 30.Qa8+ Rd8 31.Qa6 Kf7 32.h4 Rb8 33.Be4 Qb6 34.Qb5 Qa7  0-1

[Event "Karvina op"]
[Site "Karvina"]
[Date "1989.??.??"]
[Round "6"]
[White "Freisler, Pavel"]
[Black "Krajina, Ales"]
[Result "1-0"]
[WhiteElo "2320"]
[BlackElo "2240"]

1.Nf3 d5 2.g3 Nc6 3.Bg2 e5 4.O-O Nf6 5.c4 dxc4 6.Qa4 Bd6 7.Na3 Bxa3 8.bxa3 e4
9.Ng5 Bf5 10.Qxc4 O-O 11.Bb2 Qxd2 12.Bxf6 gxf6 13.Nxe4 Qd4 14.Qxd4 Nxd4 15.Nxf6+ Kg7
16.Nh5+ Kh6 17.Nf4 c6 18.Rac1 Rfe8 19.e3 Ne6 20.Nxe6 Bxe6 21.Rb1 Re7 22.Rb2 Rc8
23.Rc1 Rcc7 24.a4 c5 25.Rbc2 b6 26.a5 Red7 27.axb6 axb6 28.Rb2 Rd6 29.Rcb1 Ra7
30.Rxb6 Rxb6 31.Rxb6 Kg7 32.Rb2 Bxa2 33.Rc2 Be6 34.f4 c4 35.Bf1 Ra4 36.Kf2 f5
37.Be2 Kg6 38.e4 fxe4 39.g4 Kf6 40.Ke3 Ra3+ 41.Kxe4 Rh3 42.Bf1 Ra3 43.f5 Bf7
44.h4 c3 45.g5+ Ke7 46.Bd3 Kd6 47.Kf4 Kd5 48.g6 Bg8 49.h5 Ra4+ 50.Kg5 Kd4
51.Bb5 Rb4 52.Be8 Rb2 53.Rc1 Rb6 54.Bf7 Bxf7 55.gxf7 h6+ 56.Kf4 Rf6 57.Rd1+ Kc5
58.Rd7 Kc6 59.Rd3 Rxf7 60.Ke5 c2 61.Rc3+ Kd7 62.Rxc2  1-0

[Event "Leningrad2"]
[Site "Leningrad"]
[Date "1989.??.??"]
[Round "?"]
[White "Gdanski, Przemyslaw"]
[Black "Taimanov, Mark E"]
[Result "0-1"]
[WhiteElo "2350"]
[BlackElo "2495"]

1.Nf3 d5 2.g3 c6 3.Bg2 Bg4 4.c4 e6 5.Ne5 Bh5 6.cxd5 exd5 7.d4 Nd7 8.Nc3 Nxe5
9.dxe5 f6 10.Qd4 Bg6 11.O-O fxe5 12.Qxe5+ Qe7 13.Bf4 Qxe5 14.Bxe5 Nf6 15.e4 dxe4
16.Bxf6 gxf6 17.Nxe4 O-O-O 18.Rad1 Be7 19.Bf3 f5 20.Nc3 Bf6 21.Rfe1 Bf7 22.a3 Bb3
23.Rxd8+ Rxd8 24.Re2 Bc4 25.Rc2 Bg5 26.b4 Bb3 27.Rb2 Rd3  0-1

[Event "Leningrad2"]
[Site "Leningrad"]
[Date "1989.??.??"]
[Round "?"]
[White "Gdanski, Przemyslaw"]
[Black "Khenkin, Igor"]
[Result "1/2-1/2"]
[WhiteElo "2350"]
[BlackElo "2445"]

1.Nf3 d5 2.g3 g6 3.Bg2 Bg7 4.d4 Nf6 5.c4 c6 6.cxd5 cxd5 7.Ne5 O-O 8.O-O e6
9.Nc3 Nfd7 10.Nf3 Nc6  1/2-1/2

[Event "Leningrad2"]
[Site "Leningrad"]
[Date "1989.??.??"]
[Round "?"]
[White "Gdanski, Przemyslaw"]
[Black "Ivanov, Sergey"]
[Result "1-0"]
[WhiteElo "2350"]
[BlackElo "2465"]

1.Nf3 d5 2.g3 g6 3.Bg2 Bg7 4.d4 Nf6 5.c4 dxc4 6.Qa4+ Nfd7 7.Qxc4 Nc6 8.O-O Nb6
9.Qc2 O-O 10.Rd1 Bf5 11.e4 Bg4 12.d5 Ne5 13.Nbd2 f5 14.Re1 Qd6 15.Nxe5 Qxe5
16.Nc4 Nxc4 17.Qxc4 Qd4 18.Qxd4 Bxd4 19.e5 f4 20.gxf4 g5 21.Re4 Bb6 22.Be3 gxf4
23.Rxf4 Rxf4 24.Bxf4 Rf8 25.Bg3 Bf3 26.Bxf3 Rxf3 27.Rd1 Kg7 28.Kg2 Rf8 29.Rd3 Kg6
30.Bh4 Rf5 31.Bg3 h5 32.f4 Rf7 33.Kf3 Kf5 34.Bh4 Bc5 35.Rc3 Bb6 36.Rd3 Bc5
37.Rd2 Rg7 38.Bg5 a5 39.Rc2 b6 40.a3 Rg6 41.Rc4 e6 42.dxe6 Rxe6 43.b4 axb4
44.axb4 Bf8 45.Rxc7 Bxb4 46.Bd8 b5 47.Rg7 Re8 48.Rg5+ Ke6 49.Bb6 Kd5 50.Rxh5 Bc3
51.Rh6 b4 52.Rd6+ Kc4 53.Ke4 b3 54.Rc6+ Kb4 55.Ba5+ Kxa5 56.Rxc3 Rb8 57.Rc1 Rh8
58.e6 b2 59.Rb1 Rxh2 60.f5 Kb6 61.f6 Kc7 62.f7 Re2+ 63.Kf3  1-0

[Event "Leningrad"]
[Site "Leningrad"]
[Date "1989.??.??"]
[Round "?"]
[White "Grivas, Efstratios"]
[Black "Kirov, Nino"]
[Result "1/2-1/2"]
[WhiteElo "2440"]
[BlackElo "2470"]

1.Nf3 d5 2.g3 c6 3.Bg2 g6 4.O-O Bg7 5.d4 Nf6 6.c3 O-O 7.Bf4 Bf5 8.Nbd2 Ne4
9.Ne5 Nxd2 10.Qxd2 Nd7 11.Nxd7 Qxd7 12.Bh6 Bh3 13.Bxg7 Kxg7 14.Rfe1 Bxg2
15.Kxg2  1/2-1/2

[Event "Leningrad"]
[Site "Leningrad"]
[Date "1989.??.??"]
[Round "?"]
[White "Kirov, Nino"]
[Black "Bagirov, Vladimir"]
[Result "1/2-1/2"]
[WhiteElo "2470"]
[BlackElo "2460"]

1.Nf3 d5 2.g3 Bg4 3.Bg2 Nd7 4.c4 e6 5.cxd5 exd5 6.h3 Bh5 7.d3 c6 8.O-O Ngf6
9.Nc3 Bc5 10.Qb3 Nb6 11.Qc2 O-O 12.Nh4 Nfd7 13.Nf5 Bg6 14.Nh4  1/2-1/2

[Event "Leningrad"]
[Site "Leningrad"]
[Date "1989.??.??"]
[Round "?"]
[White "Kirov, Nino"]
[Black "Vera, Reynaldo"]
[Result "1/2-1/2"]
[WhiteElo "2470"]
[BlackElo "2470"]

1.Nf3 d5 2.g3 c6 3.Bg2 Bg4 4.c4 e6 5.cxd5 exd5 6.O-O Nf6 7.d3 Be7 8.h3 Bc8
9.Nc3 O-O 10.e4 Na6 11.Nd4 Nc7 12.g4 g6 13.Kh1 c5 14.Nde2 d4 15.Nb1 b6 16.Nd2  1/2-1/2

[Event "Leningrad-chT"]
[Site "Leningrad"]
[Date "1989.??.??"]
[Round "?"]
[White "Ivanov, Sergey"]
[Black "Zhuravliov, Valerij"]
[Result "0-1"]
[WhiteElo "2465"]
[BlackElo "2350"]

1.Nf3 d5 2.g3 g6 3.Bg2 Bg7 4.O-O e5 5.d3 Ne7 6.Nbd2 O-O 7.e4 Nbc6 8.Re1 Re8
9.c3 h6 10.Nb3 dxe4 11.dxe4 b6 12.Qe2 Be6 13.Be3 Nc8 14.Rac1 a5 15.Red1 Qe7
16.c4 Nb4 17.a3 Na6 18.Nfd2 a4 19.Na1 Bf8 20.Nf3 f6 21.Nh4 Kh7 22.Nf5 Qf7
23.Bd2 Ra7 24.Ne3 c6 25.Nac2 Nc5 26.Na1 Rd8 27.Bb4 Rd4 28.f4 Rad7 29.f5 Rxd1+
30.Rxd1 Rxd1+ 31.Qxd1 Bd7 32.fxg6+ Kxg6 33.Nac2 Kh7 34.Ne1 Be6 35.Qe2 Nb3
36.Bxf8 Qxf8 37.Nf3 Qc5 38.Qf2 Nd6 39.Nh4 Nxc4 40.Nxc4 Bxc4 41.Bh3 Bd3 42.Bf5+ Kg7
43.Kg2 Qc2 44.Qxc2 Bxc2 45.Kf2 Nd2 46.Ke2 Nc4 47.Be6 Nxb2 48.Nf5+ Kf8 49.Nxh6 Bxe4
50.Kd2 Bd5 51.Bxd5 cxd5 52.Kc3 Nc4 53.Kb4 Ne3  0-1

[Event "Leningrad-chT"]
[Site "Leningrad"]
[Date "1989.??.??"]
[Round "?"]
[White "Ivanov, Sergey"]
[Black "Savchenko, Stanislav"]
[Result "1-0"]
[WhiteElo "2465"]
[BlackElo "2395"]

1.Nf3 d5 2.g3 c6 3.Bg2 Bg4 4.b3 Nd7 5.Bb2 Ngf6 6.O-O e6 7.c4 Bc5 8.d4 Be7
9.Nbd2 h6 10.Qe1 Bf5 11.Ne5 O-O 12.Nxd7 Qxd7 13.f3 Bh7 14.e4 dxe4 15.Nxe4 a5
16.a3 Qc7 17.Qc3 Qb6 18.Kh1 Rfd8 19.Rad1 Rd7 20.Rd2 Rad8 21.Rfd1 Bf5 22.h3 Qc7
23.Kh2 h5 24.Kh1 Bg6 25.Rd3 b5 26.Bc1 Qa7 27.Be3 Qa8 28.a4 bxa4 29.bxa4 Rb8
30.Bd2 c5 31.Bf4 Nxe4 32.fxe4 cxd4 33.Rxd4 Rxd4 34.Rxd4 Rb1+ 35.Kh2 Bc5 36.Qc2 Qb7
37.Rd8+ Kh7 38.Rb8 Qxb8 39.Bxb8 Rxb8 40.h4 e5 41.Qc3 Bd4 42.Qxa5 Rb2 43.Qd5 Rd2
44.Qc6 Re2 45.Kh3 f5 46.exf5 Bxf5+ 47.Kh2 Ra2 48.Qf3 g6 49.Qd5 Bd3 50.c5 Rc2
51.c6 Rc1 52.g4 hxg4 53.Qf7+ Kh6 54.Qf8+ Kh7 55.Qf7+ Kh6 56.Qf8+ Kh7 57.Qe7+ Kh8
58.Qe8+ Kh7 59.Qd7+ Kh8 60.Qd8+ Kh7 61.Qe7+ Kh8 62.c7 Bf5 63.h5 Rc3 64.Qf6+ Kh7
65.hxg6+ Bxg6 66.Qe7+ Kh6 67.Qf8+  1-0

[Event "Leningrad-chT"]
[Site "Leningrad"]
[Date "1989.??.??"]
[Round "?"]
[White "Ivanov, Sergey"]
[Black "Dautov, Rustem"]
[Result "1/2-1/2"]
[WhiteElo "2465"]
[BlackElo "2535"]

1.Nf3 d5 2.g3 c6 3.Bg2 Bg4 4.b3 e6 5.Bb2 Nf6 6.O-O Be7 7.c4 O-O 8.d4 Nbd7
9.Nbd2 a5 10.a3 h6 11.Rc1 Qb6 12.Ne1 c5 13.h3 Bf5 14.cxd5 exd5 15.dxc5 Nxc5
16.Bd4 Rac8 17.Nc2 Qe6 18.Kh2 Nce4 19.b4 Nxd2 20.Qxd2 Ne4 21.Qd1 Qg6 22.Ne3 Be6
23.Rxc8 Rxc8 24.Be5 Rd8 25.Qd4 axb4 26.axb4 f6 27.Bf4 f5 28.Be5 Qf7  1/2-1/2

[Event "Leon"]
[Site "Leon"]
[Date "1989.??.??"]
[Round "?"]
[White "Franco Ocampo, Zenon"]
[Black "Campos Moreno, Javier B"]
[Result "1/2-1/2"]
[WhiteElo "2490"]
[BlackElo "2430"]

1.Nf3 d5 2.g3 Nf6 3.Bg2 e6 4.O-O c5 5.b3 Be7 6.e3 O-O 7.c4 b6 8.Bb2 Bb7 9.Qe2 Nbd7
10.Rd1 Qc7 11.Nc3 Rad8 12.Rac1 dxc4 13.bxc4 Bxf3 14.Bxf3 Ne5 15.d3 Nxf3+
16.Qxf3 Rd7 17.e4 Qe5 18.Qe2 Qh5 19.f3 Ne8 20.e5 f5 21.a4 Nc7 22.Kg2 Na6
23.Nb5 Rfd8 24.d4 cxd4 25.Rxd4 Rxd4 26.Nxd4 Nc5 27.a5 Qe8 28.axb6 axb6 29.Ra1 Qd7
30.Qc2 h6 31.Bc3 Qb7 32.Qa2 Kf7 33.Qa7 Rd7 34.Qxb7 Rxb7 35.Kf1 Nd7 36.Nb5 Nb8
37.Ke2 Nc6 38.Rd1 Bc5 39.Rd6 Na7 40.Rd1 Nxb5 41.cxb5 Ra7 42.Ra1 Rxa1 43.Bxa1  1/2-1/2

[Event "Vidmar mem"]
[Site "Ljublana Portoroz"]
[Date "1989.??.??"]
[Round "?"]
[White "Bischoff, Klaus"]
[Black "Greenfeld, Alon"]
[Result "1/2-1/2"]
[WhiteElo "2505"]
[BlackElo "2535"]

1.g3 d5 2.Nf3 c5 3.c4 dxc4 4.Qa4+ Nd7 5.Bg2 a6 6.Qxc4 b5 7.Qc2 Bb7 8.O-O Ngf6
9.b3 e6 10.Bb2 Be7 11.d3 O-O 12.Nbd2 Rc8 13.Rac1 Nd5 14.Qb1 Bf6 15.a3 Bxb2
16.Qxb2 Qf6 17.Qxf6 gxf6 18.Rc2 N5b6 19.Rfc1 f5 20.Ne5 Bxg2 21.Nxd7 Nxd7
22.Kxg2 Ra8 23.Nf3 Rfd8 24.d4 cxd4 25.Nxd4 Ne5 26.e3 Rd6 27.Rc7 Rad8 28.Ra7 R8d7
29.Rc8+ Kg7 30.Rxd7 Nxd7 31.Kf1 Nb6 32.Rc1 Kf6 33.Ke2 Ke7 34.Rc7+ Rd7 35.Rc6 Rd6
36.Rc7+  1/2-1/2

[Event "Vidmar mem"]
[Site "Ljublana Portoroz"]
[Date "1989.??.??"]
[Round "?"]
[White "Damljanovic, Branko"]
[Black "Kupreichik, Viktor D"]
[Result "1-0"]
[WhiteElo "2530"]
[BlackElo "2520"]

1.Nf3 d5 2.g3 c5 3.Bg2 Nc6 4.O-O e5 5.d3 Nf6 6.Bg5 Be7 7.Nc3 d4 8.Bxf6 Bxf6
9.Ne4 Be7 10.c3 O-O 11.Qa4 Bd7 12.Rfc1 b6 13.Qd1 f5 14.Ned2 dxc3 15.bxc3 Rc8
16.Nc4 Qc7 17.Rab1 Rcd8 18.Qc2 Kh8 19.a4 Be6 20.Nfd2 Bg5 21.Rd1 Bxd2 22.Nxd2 Na5
23.c4 h6 24.Qb2 Bd7 25.Ra1 Bc6 26.f3 Qd7 27.Re1 Rfe8 28.Bh3 Kg8 29.Ra3 g6
30.e4 Bxa4 31.exf5 Bc6 32.Rxe5 Qd4+ 33.Qxd4 Rxd4 34.Rxe8+ Bxe8 35.Ne4 gxf5
36.Bxf5 Nc6 37.Nf6+ Kf8 38.Nxe8 Kxe8 39.Be4 Ne5 40.Rxa7 Nxd3 41.Rb7 Ne5 42.Rxb6 Nxc4
43.Rc6 Nd2 44.Rxc5 Nxe4 45.Re5+ Kf7 46.Rxe4 Rd2 47.h4 Kf6 48.Kf1 h5 49.Re2 Rd3
50.Kf2 Kf5 51.Re8 Ra3 52.Rg8 Ra2+ 53.Kg1 Ra1+ 54.Kg2 Ra2+ 55.Kh3  1-0

[Event "Vidmar mem"]
[Site "Ljublana Portoroz"]
[Date "1989.??.??"]
[Round "?"]
[White "Todorcevic, Miodrag"]
[Black "Kupreichik, Viktor D"]
[Result "0-1"]
[WhiteElo "2535"]
[BlackElo "2520"]

1.Nf3 d5 2.g3 g6 3.Bg2 Bg7 4.c4 dxc4 5.Na3 e5 6.O-O e4 7.Ne1 Nf6 8.Nxc4 O-O
9.b3 Nc6 10.Bb2 Bf5 11.Ne3 Nd5 12.Bxg7 Nxe3 13.fxe3 Kxg7 14.Qc2 Qd6 15.Qc3+ f6
16.Nc2 Rad8 17.Rad1 Rfe8 18.Rf4 h5 19.h3 Ne7 20.Qb4 c5 21.Qxb7 Rb8  0-1

[Event "Lloyds Bank op"]
[Site "London"]
[Date "1989.??.??"]
[Round "?"]
[White "Beaumont, Chris"]
[Black "Chernin, Alexander"]
[Result "0-1"]
[WhiteElo "2415"]
[BlackElo "2580"]

1.Nf3 d5 2.g3 c6 3.Bg2 Bg4 4.d3 e6 5.O-O Bd6 6.Nbd2 Nd7 7.b3 Ne7 8.Bb2 O-O
9.e4 Re8 10.Qe2 e5 11.Rfe1 d4 12.c3 c5 13.Nc4 Bc7 14.b4 b5 15.Ncd2 dxc3 16.Bxc3 cxb4
17.Bxb4 Nc6 18.Bc3 Nc5 19.Nb3 Bb6 20.Nxc5 Bxc5 21.Rac1 Qb6 22.Qd2 Rad8 23.Nh4 b4
24.Ba1 Bd4 25.Nf5 Bxa1 26.Rxa1 Nd4 27.Ne3 Be6 28.Nd5 Bxd5 29.exd5 a5 30.Rac1 Qb5
31.Rc4 Rxd5 32.Qg5 h6 33.Qg4 Rdd8 34.h3 a4 35.Kh2  0-1

[Event "Lloyds Bank op"]
[Site "London"]
[Date "1989.??.??"]
[Round "?"]
[White "Beaumont, Chris"]
[Black "Tozer, Richard"]
[Result "0-1"]
[WhiteElo "2415"]
[BlackElo "2235"]

1.Nf3 d5 2.g3 Nf6 3.Bg2 c6 4.O-O Bf5 5.b3 e6 6.Bb2 Be7 7.d3 O-O 8.Nbd2 h6
9.Qe1 a5 10.e4 Bh7 11.a4 Na6 12.Qe2 Nb4 13.Ne1 Qb6 14.Kh1 Rad8 15.e5 Nd7
16.f4 Rde8 17.Bh3 Nc5 18.Ndf3 Bf5 19.g4 Bh7 20.Nd4 f6 21.Nef3 Qc7 22.Rae1 fxe5
23.Nxe5 Bh4 24.Rd1 Bf6 25.Ndf3 Nd7 26.Rde1 Nxe5 27.fxe5 Bd8 28.Nd4 g5 29.Bg2 Qe7
30.Qd2 Rxf1+ 31.Rxf1 Rf8 32.Rxf8+ Kxf8 33.Ba3 Bb6 34.Ne2 c5 35.Ng3 Bg6 36.Nh5 Bxh5
37.gxh5 Kg8 38.Bh3 Qf7 39.Bg4  0-1

[Event "London WFW"]
[Site "London"]
[Date "1989.??.??"]
[Round "?"]
[White "Wilder, Michael"]
[Black "Motwani, Paul"]
[Result "1/2-1/2"]
[WhiteElo "2540"]
[BlackElo "2490"]

1.Nf3 d5 2.g3 Nf6 3.Bg2 c6 4.b3 Bg4 5.Bb2 Nbd7 6.d3 e6 7.Nbd2 Bd6 8.O-O O-O
9.h3 Bh5 10.e4 dxe4 11.dxe4  1/2-1/2